000 00667nam a2200229 4500
003 OSt
005 20240629031118.0
006 a
008 240629b |||||||| |||| 00| 0 eng d
020 _a9788183568982
040 _aDWCL-HMN lib.
_cOC
082 _2First edition
_aCirc. 338.4 W227t 2011
100 _aWalsh, Thomas
245 _aTourism career /
250 _aFirst edition
260 _aNew Delhi:
_bDiscovery Pub. House Pvt. Ltd.,
_cc2011.
300 _b240 p. : ill. ;
_c23 cm.
504 _aIncludes bibliographical references and index.
650 _a1. Tourist trade.
650 _a2. Travel.
942 _2ddc
_n0
_cBK-CIRC
_eFirst edition
_kCirc.
999 _c1647
_d1647